LEADER 01093nam1 2200361 450 001 990006069140203316 005 20150904143326.0 035 $a000606914 035 $aUSA01000606914 035 $a(ALEPH)000606914USA01 035 $a000606914 100 $a20040310d2015----km-y0itay0103----ba 101 0 $aita 102 $aIT 105 $a||||||||001yy 200 1 $aEptalogia di Hieronymus Bosch$fRafael Spregelburd 210 $aTorino$cGiulio Einaudi$d2015- 215 $avolumi$d17 cm 463 \1$1001990006069150203316$12001 $a<<1: L'>>inappetenza. La stravaganza. La modestia. La stupidità 606 0 $2BNCF 676 $a832.914 700 1$aSPREGELBURD,$bRafael$0620824 702 1$aCHERUBINI,$bManuela 801 0$aIT$bsalbc$gISBD 912 $a990006069140203316 951 $aXIII.1. Coll. 19/ 29$cXIII.1. Coll. 959 $aBK 969 $aUMA 979 $aCHIARA$b90$c20150904$lUSA01$h1423 979 $aCHIARA$b90$c20150904$lUSA01$h1424 979 $aCHIARA$b90$c20150904$lUSA01$h1433 996 $aEptalogia di Hieronymus Bosch$91101775 997 $aUNISA LEADER 01045nam0-2200337---450- 001 990009330420403321 005 20110316113157.0 010 $a978-0-521-30510-5$bhardback 010 $a978-0-521-10639-9$bpaperback 035 $a000933042 035 $aFED01000933042 035 $a(Aleph)000933042FED01 035 $a000933042 100 $a20110316d2009----km-y0itay50------ba 101 0 $aeng 102 $aGB 105 $a--------001yy 200 1 $aYoung people's dyirbal$ean example of language death from Australia$fAnnette Schmidt 210 $aCambridge$cCambridge University press$d2009 215 $aXV, 252 p.$cill.$d23 cm 225 1 $aCambridge studies in linguistics 610 0 $aLingue australiane aborigene$aLingua dyirbal 676 $a499.15 700 1$aSchmidt,$bAnnette$f<1958- >$0324351 801 0$aIT$bUNINA$gRICA$2UNIMARC 901 $aBK 912 $a990009330420403321 952 $a499.15 SCH 1$bDip.fil.mod.17071$fFLFBC 959 $aFLFBC 996 $aYoung people's dyirbal$9766319 997 $aUNINA